Hepatology Forum

में बचाया:
ग्रंथसूची विवरण
स्वरूप: इलेक्ट्रोनिक सामयिक पत्रिका
प्रकाशित: [S.l.] : [s.n.]
विषय:
ऑनलाइन पहुंच:Full text available from Health & Medical Collection: 01/01/2020 to present
टैग: टैग जोड़ें
कोई टैग नहीं, इस रिकॉर्ड को टैग करने वाले पहले व्यक्ति बनें!

MARC

LEADER 00000das a22000003u 4500
001 ssib044893549
003 WaSeSS
005 20230517053647.0
006 m d
007 cr n
008 211017uuuuuuuuu||||| |ss|||||| ||||||d
022 |y 1307-5888 
035 |a (WaSeSS)ssib044893549 
040 |a WaSeSS  |c WaSeSS  |d WaSeSS 
245 0 0 |a Hepatology Forum  |h [electronic resource]. 
260 |a [S.l.] :  |b [s.n.] 
500 |a Title from content provider. 
506 |a License restrictions may limit access. 
655 0 |a Electronic journals. 
856 4 0 |z Full text available from Health & Medical Collection: 01/01/2020 to present  |u https://wwwproquest.unach.elogim.com/intermediateredirectforezproxy